Bebadoobee - Girl Song - Statistics

General Stats
  • This quiz has been taken 7 times
  • The average score is 117 of 204
Answer Stats
Answer % Correct
I
100%
a
80%
an
80%
and
80%
And
80%
face
80%
girl
80%
her
80%
I'm
80%
Just
80%
just
80%
on
80%
The
80%
the
80%
about
60%
another
60%
at
60%
bad
60%
brain's
60%
creases
60%
Day
60%
day
60%
Didn't
60%
fighting
60%
figuring
60%
good
60%
In
60%
in
60%
it
60%
like
60%
look
60%
mirror,
60%
my
60%
My
60%
no
60%
"Oh,
60%
or
60%
other,
60%
out
60%
overthinks
60%
own
60%
pace
60%
say
60%
shame"
60%
she'd
60%
think
60%
this
60%
to
60%
waist
60%
way,
60%
way
60%
what
60%
who
60%
you
60%
All
40%
all
40%
are
40%
better
40%
can't
40%
Damn,
40%
denying
40%
different
40%
do
40%
find
40%
guess
40%
hand
40%
hands
40%
helping
40%
how
40%
is
40%
looked
40%
lot
40%
lying
40%
make
40%
need
40%
ordinary
40%
proportions
40%
prove
40%
stands
40%
still
40%
stranger
40%
that
40%
there's
40%
thinkin',
40%
tied
40%
up
40%
wanna
40%
words
40%
yesterday
40%
consequence
20%
Don't
20%
hardly
20%
loose
20%
Makin'
20%
mistakes,
20%
recognizing
20%
same
20%
something
20%
Wakin'
20%
No matching quizzes found
Score Distribution
Percent of People with Each Score
Percentile by Number Answered
Your Score History
You have not taken this quiz